| 000 | 00000nam##2200000za#4500 |
| 001 | 9.698140 |
| 003 | CaOODSP |
| 005 | 20210624235809 |
| 007 | cr ||||||||||| |
| 008 | 150407|1998||||xxc|||||o f|0| 0 eng|d |
| 040 | |aCaOODSP|beng |
| 043 | |an-cn--- |
| 086 | 1 |aRH64-79/1998E-PDF |
| 110 | 1 |aCanada.|bHuman Resources Development Canada. |bStrategic Policy. |
| 245 | 10|aQuick Response Training and Adjustment (QRTA) Strategic Initiatives program - summary report / |h[electronic resource]|c[by] Evaluation and Data Development. |
| 260 | |aOttawa - Ontario : |bHuman Resources Development Canada. |cFebruary 1998. |
| 300 | |a76p.|bfig. |
| 590 | |a13-16-Supp|b2013-07-12 |
| 690 | 07|aLabour market|2gcpds |
| 775 | 08|tIntervention rapide de formation et d'adaptation (IRFA) programme des initiatives stratégiques - rapport sommaire / |w(CaOODSP)9.642134 |
| 856 | 40|ahttp://publications.gc.ca|qPDF|s150 KB|uhttps://publications.gc.ca/collections/collection_2013/rhdcc-hrsdc/RH64-79-1998-eng.pdf |
| 986 | |aSP-AH067E-02-98 |